[Event "Oberliga Wuerttemberg Schlussrunde 2024"]
[Site "Böblingen"]
[Date "2024.04.14"]
[Round "9.1"]
[White "Sinz, Bernhard"]
[Black "Schnepp, Gunnar"]
[Result "1-0"]
[WhiteElo "2336"]
[BlackElo "2233"]
[PlyCount "81"]
[EventDate "2024.04.14"]
[EventCountry "GER"]
[WhiteTeam "TG Biberach"]
[BlackTeam "Heilbronner SV 2"]

1. e4 c5 2. Nc3 d6 3. d4 cxd4 4. Qxd4 Nc6 5. Qd2 Nf6 6. b3 a6 7. Bb2 e6 8. O-O-O b5 9. f3 Bb7 10. Kb1 Qc7 11. g4 h6 12. a4 b4 13. Na2 O-O-O 14. Qe1 d5 15. e5 Nd7 16. f4 g5 17. fxg5 Ndxe5 18. gxh6 Bxh6 19. h3 d4 20. Bg2 d3 21. cxd3 Rxd3 22. Nc1 Rxd1 23. Qxd1 Rd8 24. Qc2 Rd2 25. Qh7 Rxb2+ 26. Kxb2 Bxc1+ 27. Kb1 Nd4 28. Bxb7+ Qxb7 29. Qh8+ Kd7 30. Qxe5 Nxb3 31. Rh2 Bh6 32. g5 Qb6 33. Nf3 Bf8 34. Rc2 Qb7 35. Qe3 Na5 36. Ne5+ Ke8 37. g6 fxg6 38. Nxg6 Qd7 39. Nxf8 Kxf8 40. Qf4+ Ke8 41. Qb8+ 1-0

[Event "Oberliga Wuerttemberg Schlussrunde 2024"]
[Site "Böblingen"]
[Date "2024.04.14"]
[Round "9.3"]
[White "Oberst, Thomas"]
[Black "Peng, Xiang-Tobias"]
[Result "0-1"]
[WhiteElo "2227"]
[BlackElo "2187"]
[PlyCount "92"]
[EventDate "2024.04.14"]
[EventCountry "GER"]
[WhiteTeam "TG Biberach"]
[BlackTeam "Heilbronner SV 2"]

1. Nf3 d5 2. g3 c5 3. Bg2 Nc6 4. d4 e6 5. O-O cxd4 6. Nxd4 Bc5 7. Nxc6 bxc6 8. c4 Ne7 9. Nc3 O-O 10. cxd5 cxd5 11. Bf4 Ng6 12. Bd2 Rb8 13. Rb1 Ba6 14. a3 d4 15. Na4 d3 16. e3 Be7 17. f4 Qd7 18. b4 Rfc8 19. Nc3 Bb7 20. Bxb7 Rxb7 21. Qf3 Rbc7 22. Rb3 f5 23. b5 Bf6 24. Na4 Rc4 25. Rb4 Rxb4 26. axb4 Qxb5 27. Nc5 a5 28. Nxe6 Rc2 29. Rd1 axb4 30. Bxb4 Qxb4 31. Qd5 Qe4 32. Rxd3 Qxd5 33. Rxd5 Kf7 34. Nd4 Bxd4 35. Rxd4 Re2 36. Rd3 Nf8 37. h4 Ne6 38. Kf1 Ra2 39. Rd7+ Kf6 40. Rd6 h5 41. Rb6 g6 42. Rc6 Kf7 43. Rc4 Ra5 44. e4 fxe4 45. Rxe4 Ra3 46. Kg2 Ng7 0-1

[Event "Oberliga Wuerttemberg Schlussrunde 2024"]
[Site "Böblingen"]
[Date "2024.04.14"]
[Round "9.5"]
[White "Weiss, Oliver"]
[Black "Dudek, Richard"]
[Result "1-0"]
[WhiteElo "2220"]
[BlackElo "2185"]
[PlyCount "82"]
[EventDate "2024.04.14"]
[EventCountry "GER"]
[WhiteTeam "TG Biberach"]
[BlackTeam "Heilbronner SV 2"]

1. d4 Nf6 2. Bf4 e6 3. e3 b6 4. Nf3 Bb7 5. Be2 Be7 6. O-O Nh5 7. Bg3 O-O 8. a4 Nxg3 9. hxg3 c5 10. a5 bxa5 11. Nbd2 Nc6 12. c3 Qc7 13. Qa4 Rab8 14. Nb3 d6 15. Nfd2 cxd4 16. exd4 Bd8 17. Rfe1 Bc8 18. Qa3 Bd7 19. Reb1 e5 20. dxe5 dxe5 21. Bf3 Be7 22. Qa2 Bf5 23. Re1 Rb5 24. Qa4 Rfb8 25. Bxc6 Qxc6 26. Rxe5 Qd7 27. Rxb5 Rxb5 28. c4 Rb7 29. c5 Qxa4 30. Rxa4 Be6 31. c6 Rb6 32. Nxa5 Rxb2 33. Nac4 Rb8 34. Rxa7 Bc5 35. Rb7 Rc8 36. c7 Kf8 37. Ne4 Ke7 38. Nxc5 Bxc4 39. Na4 Bd5 40. Ra7 Be6 41. Nb6 Bd5 1-0

[Event "Oberliga Wuerttemberg Schlussrunde 2024"]
[Site "Böblingen"]
[Date "2024.04.14"]
[Round "9.6"]
[White "Ludwig, Sebastian"]
[Black "Birkenmaier, Rainer"]
[Result "1/2-1/2"]
[WhiteElo "1985"]
[BlackElo "2111"]
[PlyCount "139"]
[EventDate "2024.04.14"]
[EventCountry "GER"]
[WhiteTeam "Heilbronner SV 2"]
[BlackTeam "TG Biberach"]

1. d4 Nf6 2. c4 e6 3. Nf3 d5 4. Nc3 c6 5. e3 Nbd7 6. Qc2 Bd6 7. Bd2 Qe7 8. O-O-O O-O 9. Bd3 dxc4 10. Bxc4 e5 11. h3 b5 12. Bd3 Bb7 13. Ng5 h6 14. Nge4 b4 15. Na4 Nxe4 16. Bxe4 Nf6 17. Bf3 e4 18. Be2 Rfc8 19. Nc5 Bxc5 20. Qxc5 Qxc5+ 21. dxc5 a5 22. a3 bxa3 23. bxa3 Ba6 24. Bxa6 Rxa6 25. Bc3 Nd5 26. Kc2 Rb8 27. Rb1 Rxb1 28. Rxb1 a4 29. Rb8+ Kh7 30. Re8 f5 31. Re6 Kg8 32. g4 f4 33. Rxe4 fxe3 34. fxe3 Kf7 35. Bd2 Ra7 36. Kd3 g5 37. Rd4 Ke7 38. e4 Nc7 39. Rd6 Nb5 40. Rxh6 Rd7+ 41. Ke2 Nd4+ 42. Kf2 Ne6 43. Rh7+ Ke8 44. Rxd7 Kxd7 45. Be3 Ke7 46. Kg3 Kf6 47. Kf3 Ke5 48. Bf2 Kf6 49. h4 gxh4 50. Bxh4+ Ke5 51. Bf2 Ng5+ 52. Ke2 Kxe4 53. Be3 Ne6 54. Kd2 Nc7 55. g5 Kf5 56. Kd3 Nb5 57. Bc1 Nc7 58. Kd4 Nd5 59. Bd2 Nc7 60. Bc1 Nd5 61. Kd3 Nc7 62. Kc3 Nd5+ 63. Kd4 Nc7 64. g6 Ne6+ 65. Kc4 Kxg6 66. Kb4 Kf5 67. Be3 Ke4 68. Bg1 Kd5 69. Kxa4 Nxc5+ 70. Kb4 1/2-1/2

[Event "Oberliga Wuerttemberg Schlussrunde 2024"]
[Site "Böblingen"]
[Date "2024.04.14"]
[Round "9.11"]
[White "Hofmann, Martin"]
[Black "Mueller, Ralf"]
[Result "0-1"]
[WhiteElo "2201"]
[BlackElo "2334"]
[PlyCount "62"]
[EventDate "2024.04.14"]
[EventCountry "GER"]
[WhiteTeam "Stuttgarter SF"]
[BlackTeam "SC Böblingen"]

1. d4 Nf6 2. Nf3 e6 3. c4 d5 4. cxd5 exd5 5. Bg5 Bb4+ 6. Nc3 h6 7. Bxf6 Qxf6 8. Qa4+ Nc6 9. Ne5 Bd7 10. Nxc6 Bxc3+ 11. bxc3 Bxc6 12. Qc2 O-O 13. e3 Bd7 14. Be2 Qg5 15. Bf3 Bb5 16. h4 Qd8 17. Rb1 c6 18. a4 Bc4 19. Rxb7 Qa5 20. Kd2 c5 21. dxc5 Rad8 22. Qb2 Qxc5 23. Qb4 Qc6 24. Rb1 Qf6 25. Rh1 Ba6 26. Rxa7 Rb8 27. Qd4 Rb2+ 28. Ke1 Qg6 29. e4 dxe4 30. Bxe4 Re2+ 31. Kd1 Rxe4 0-1

[Event "Oberliga Wuerttemberg Schlussrunde 2024"]
[Site "Böblingen"]
[Date "2024.04.14"]
[Round "9.13"]
[White "Gabriel, Robert"]
[Black "Schroeter, Samuel"]
[Result "0-1"]
[WhiteElo "2161"]
[BlackElo "2135"]
[PlyCount "116"]
[EventDate "2024.04.14"]
[EventCountry "GER"]
[WhiteTeam "Stuttgarter SF"]
[BlackTeam "SC Böblingen"]

1. d4 g6 2. e4 Bg7 3. Nc3 c5 4. Nf3 Nc6 5. d5 Nd4 6. Bd2 d6 7. Be2 Nxe2 8. Qxe2 Nf6 9. O-O O-O 10. a4 b6 11. Rfd1 a6 12. h3 Rb8 13. Bf4 Ne8 14. e5 Qd7 15. Bg5 f6 16. e6 Qb7 17. Bf4 b5 18. axb5 axb5 19. Qd2 b4 20. Ne2 Nc7 21. Nc1 Qb5 22. Nb3 Bb7 23. Ra7 Ra8 24. Rda1 Rxa7 25. Rxa7 Qb6 26. Ra2 Bxd5 27. Be3 Bxe6 28. Qe2 Bf7 29. Nfd2 Ra8 30. Rxa8+ Nxa8 31. g4 Nc7 32. Ne4 Qa6 33. Qd2 Bd5 34. Nexc5 dxc5 35. Bxc5 Qc4 36. f3 e5 37. Bxb4 Ne6 38. Kf2 Qb5 39. Qc3 Qb6+ 40. Bc5 Nxc5 41. Qxc5 Qxc5+ 42. Nxc5 Bf8 43. Nd3 Kf7 44. b3 e4 45. fxe4 Bxe4 46. Ke3 Bxd3 47. Kxd3 Ke6 48. Kd4 f5 49. gxf5+ gxf5 50. c4 Bg7+ 51. Ke3 Bc3 52. Kd3 Bb4 53. Kd4 Kd6 54. Kd3 Ke5 55. Ke3 Bc5+ 56. Kf3 h5 57. Kg3 Ke4 58. Kg2 Kf4 0-1

[Event "Oberliga Wuerttemberg Schlussrunde 2024"]
[Site "Böblingen"]
[Date "2024.04.14"]
[Round "9.14"]
[White "Bauer, Peter"]
[Black "Leitherer, Johannes"]
[Result "0-1"]
[WhiteElo "2182"]
[BlackElo "1951"]
[PlyCount "128"]
[EventDate "2024.04.14"]
[EventCountry "GER"]
[WhiteTeam "SC Böblingen"]
[BlackTeam "Stuttgarter SF"]

1. e4 e5 2. Nf3 Nc6 3. Bb5 a6 4. Ba4 Nf6 5. O-O Nxe4 6. d4 b5 7. Bb3 d5 8. dxe5 Be6 9. c3 Bc5 10. Nbd2 O-O 11. Qe2 Bf5 12. Qd3 Ng3 13. Qxd5 Qxd5 14. Bxd5 Nxf1 15. Kxf1 Bd7 16. Ne4 Bb6 17. Neg5 h6 18. e6 fxe6 19. Nxe6 Bxe6 20. Bxe6+ Kh8 21. Bd5 Rf6 22. Be3 Bxe3 23. fxe3 Re8 24. Kf2 Ne5 25. Kg3 Nxf3 26. Bxf3 Rxe3 27. a4 Rd6 28. axb5 axb5 29. Ra5 c6 30. Ra8+ Kh7 31. Kf4 Re7 32. Rc8 Rf6+ 33. Kg3 Ree6 34. h4 g6 35. Rc7+ Kg8 36. Kg4 Kf8 37. Rh7 h5+ 38. Kg5 Rf7 39. Rxf7+ Kxf7 40. Kf4 Rf6+ 41. Ke5 Ke7 42. b4 Rf5+ 43. Ke4 Kd6 44. Ke3 c5 45. Be4 Rf6 46. bxc5+ Kxc5 47. Bd3 Ra6 48. Kf4 Ra3 49. Bxg6 Rxc3 50. Bxh5 b4 51. Bg6 Kd6 52. g4 b3 53. h5 Ke7 54. g5 b2 55. h6 Kf8 56. Bh7 Rh3 57. Ke5 Rh1 58. Kf6 Rf1+ 59. Ke6 b1=Q 60. Bxb1 Rxb1 61. Kf6 Rb6+ 62. Kf5 Kf7 63. h7 Kg7 64. g6 Ra6 0-1

[Event "Oberliga Wuerttemberg Schlussrunde 2024"]
[Site "Böblingen"]
[Date "2024.04.14"]
[Round "9.15"]
[White "Goldinov, Daniel"]
[Black "Martaler, Jewgeni"]
[Result "1-0"]
[WhiteElo "1910"]
[BlackElo "2198"]
[PlyCount "87"]
[EventDate "2024.04.14"]
[EventCountry "GER"]
[WhiteTeam "Stuttgarter SF"]
[BlackTeam "SC Böblingen"]

1. d4 f5 2. Nc3 Nf6 3. Bf4 e6 4. g4 Nxg4 5. e4 Bb4 6. Qd3 O-O 7. h3 Nf6 8. exf5 Nd5 9. Bd2 Bxc3 10. bxc3 Rxf5 11. c4 Nf4 12. Qg3 Qf8 13. Ne2 Nh5 14. Qg4 Nc6 15. c3 d6 16. Ng3 Nxg3 17. Qxg3 e5 18. d5 Ne7 19. Bg2 Rf6 20. O-O-O Bf5 21. Rdg1 Rg6 22. Qe3 c6 23. h4 cxd5 24. h5 Rxg2 25. Rxg2 Be4 26. f3 Qxf3 27. Rhg1 Qxe3 28. Rxg7+ Kh8 29. Bxe3 Nf5 30. Rxb7 Nxe3 31. cxd5 Bxd5 32. Rd7 Nc4 33. Rgg7 Be4 34. h6 a5 35. a4 Bg6 36. Rc7 d5 37. Rc5 Be4 38. Rgc7 Kg8 39. Rg7+ Kh8 40. Rgc7 Bf5 41. Rxd5 Nb6 42. Rxe5 Bg6 43. Rb5 Nxa4 44. Rxa5 1-0

[Event "Oberliga Wuerttemberg Schlussrunde 2024"]
[Site "Böblingen"]
[Date "2024.04.14"]
[Round "9.17"]
[White "Nevednichy, Vladislav"]
[Black "Braun, Georg"]
[Result "1-0"]
[WhiteElo "2457"]
[BlackElo "2393"]
[PlyCount "45"]
[EventDate "2024.04.14"]
[EventCountry "GER"]
[WhiteTeam "SK Schwäbisch Hall"]
[BlackTeam "SK Bebenhausen"]

1. e4 c6 2. d4 d5 3. e5 Bf5 4. h4 Qc8 5. c4 e6 6. Nc3 h6 7. Nge2 dxc4 8. Ng3 b5 9. a4 Bb4 10. Qf3 Nd7 11. Nh5 g6 12. g4 Ne7 13. Nf6+ Nxf6 14. exf6 Bxg4 15. Qxg4 Nd5 16. Qf3 Qd8 17. Bg2 a5 18. O-O Bxc3 19. bxc3 Kd7 20. Bd2 Qxf6 21. Qxf6 Nxf6 22. axb5 cxb5 23. Rfb1 1-0

[Event "Oberliga Wuerttemberg Schlussrunde 2024"]
[Site "Böblingen"]
[Date "2024.04.14"]
[Round "9.19"]
[White "Svana, Peter"]
[Black "Hartmann, Martin"]
[Result "1-0"]
[WhiteElo "2256"]
[BlackElo "2158"]
[PlyCount "105"]
[EventDate "2024.04.14"]
[EventCountry "GER"]
[WhiteTeam "SK Schwäbisch Hall"]
[BlackTeam "SK Bebenhausen"]

1. d4 Nf6 2. c4 e6 3. Nc3 c5 4. d5 exd5 5. cxd5 d6 6. Nf3 g6 7. Bf4 Bg7 8. e3 O-O 9. Be2 Na6 10. O-O Re8 11. Nd2 Nc7 12. Nc4 Bf8 13. a4 b6 14. Re1 Ba6 15. b3 Qd7 16. Bf3 Rad8 17. e4 Bxc4 18. bxc4 Bg7 19. Ra3 Qe7 20. Nb5 a6 21. Na7 Nd7 22. Nc6 Qf6 23. Qc1 Ra8 24. Rb3 Bf8 25. Bg4 Ne5 26. Bxe5 dxe5 27. Rxb6 Bd6 28. Bd7 Rf8 29. f4 Ne8 30. Nxe5 Bxe5 31. Rxf6 Bd4+ 32. Kh1 Nxf6 33. Bh3 Rab8 34. e5 Nh5 35. f5 Ng7 36. f6 Ne8 37. Bd7 Kh8 38. g3 Rg8 39. Qg5 Rb7 40. Bxe8 Rxe8 41. Qh6 Rg8 42. Re4 g5 43. e6 Rb1+ 44. Kg2 Rb2+ 45. Kh3 Bg1 46. Kg4 Rxh2 47. Qxh2 Bxh2 48. e7 h5+ 49. Kxh5 Bxg3 50. e8=Q Rxe8 51. Rxe8+ Kh7 52. Kxg5 a5 53. Rf8 1-0

[Event "Oberliga Wuerttemberg Schlussrunde 2024"]
[Site "Böblingen"]
[Date "2024.04.14"]
[Round "9.20"]
[White "Latzke, Boris"]
[Black "Danada, Tomas"]
[Result "0-1"]
[WhiteElo "2175"]
[BlackElo "2195"]
[PlyCount "52"]
[EventDate "2024.04.14"]
[EventCountry "GER"]
[WhiteTeam "SK Bebenhausen"]
[BlackTeam "SK Schwäbisch Hall"]

1. d4 Nf6 2. c4 e6 3. Nf3 d5 4. Nc3 Bb4 5. Bg5 dxc4 6. e3 b5 7. Be2 Bb7 8. O-O a6 9. a4 c6 10. Qc2 Nbd7 11. e4 h6 12. Bh4 Qb6 13. e5 Nd5 14. Ne4 O-O 15. Rfd1 c5 16. dxc5 Nxc5 17. Nf6+ gxf6 18. Rxd5 Bxd5 19. Qc1 Kh7 20. Bxf6 Ne4 21. Bh4 Bc5 22. Qf4 Bxf2+ 23. Bxf2 Qxf2+ 24. Kh1 Qxe2 25. Re1 Nf2+ 26. Kg1 Qxf3 0-1

[Event "Oberliga Wuerttemberg Schlussrunde 2024"]
[Site "Böblingen"]
[Date "2024.04.14"]
[Round "9.25"]
[White "Krassowizkij, Jaroslaw"]
[Black "Dabo-Peranic, Robert"]
[Result "1-0"]
[WhiteElo "2431"]
[BlackElo "2345"]
[PlyCount "57"]
[EventDate "2024.04.14"]
[EventCountry "GER"]
[WhiteTeam "SV Jedesheim"]
[BlackTeam "SF Deizisau 2"]

1. d4 d5 2. c4 dxc4 3. e3 Nf6 4. Bxc4 e6 5. Nf3 a6 6. O-O b5 7. Bd3 Bb7 8. a4 Nbd7 9. axb5 axb5 10. Rxa8 Qxa8 11. Bxb5 Be7 12. Qa4 Bxf3 13. gxf3 Qxf3 14. Nd2 Qg4+ 15. Kh1 Bd6 16. Bxd7+ Nxd7 17. Qa8+ Ke7 18. Qxh8 Nf6 19. f4 Qe2 20. Qxg7 Ng4 21. Qxh7 Bb4 22. Qh3 Nf2+ 23. Rxf2 Qxf2 24. Nf3 Qc2 25. Qf1 f6 26. h4 Kd6 27. Kg1 c6 28. h5 Qf5 29. Qc4 1-0

[Event "Oberliga Wuerttemberg Schlussrunde 2024"]
[Site "Böblingen"]
[Date "2024.04.14"]
[Round "9.27"]
[White "Anistratov, Dmitriy"]
[Black "Ruf, Matthias"]
[Result "0-1"]
[WhiteElo "2275"]
[BlackElo "2310"]
[PlyCount "120"]
[EventDate "2024.04.14"]
[EventCountry "GER"]
[WhiteTeam "SV Jedesheim"]
[BlackTeam "SF Deizisau 2"]

1. e4 g6 2. d4 Bg7 3. Nc3 d6 4. Nf3 a6 5. a4 Bg4 6. Be3 Nc6 7. Be2 e5 8. dxe5 dxe5 9. Qxd8+ Rxd8 10. Nd5 Rd7 11. O-O-O h6 12. Bc5 Nf6 13. Nxf6+ Bxf6 14. Rxd7 Bxd7 15. Bc4 b6 16. Be3 Nd8 17. Bxa6 Bxa4 18. h4 Bc6 19. Bd3 Bg7 20. h5 g5 21. Bd2 O-O 22. Bc3 Re8 23. Re1 Bd7 24. Nh2 Ne6 25. g3 b5 26. Ng4 Nd4 27. Ne3 c5 28. Nf5 c4 29. Nxg7 Kxg7 30. Bf1 Bg4 31. f4 f6 32. fxg5 fxg5 33. b3 cxb3 34. Bxd4 exd4 35. cxb3 Rc8+ 36. Kb2 Rc3 37. Bxb5 Rxg3 38. e5 Bxh5 39. e6 Re3 40. Rh1 Bf3 41. Rf1 g4 42. Bc4 Kf6 43. b4 Rc3 44. Bb3 h5 45. Re1 Rc7 46. b5 Re7 47. Rc1 Bb7 48. Rf1+ Ke5 49. Rf7 Kd6 50. Rf4 g3 51. Rxd4+ Ke5 52. Rh4 Bf3 53. Rc4 g2 54. Rc1 h4 55. Re1+ Kf4 56. b6 h3 57. Rc1 h2 58. Rc7 g1=Q 59. Rxe7 Qd4+ 60. Ka2 h1=Q 0-1

[Event "Oberliga Wuerttemberg Schlussrunde 2024"]
[Site "Böblingen"]
[Date "2024.04.14"]
[Round "9.32"]
[White "Brenner, Markus"]
[Black "Deiringer, Julius"]
[Result "1/2-1/2"]
[WhiteElo "2106"]
[BlackElo "1865"]
[PlyCount "26"]
[EventDate "2024.04.14"]
[EventCountry "GER"]
[WhiteTeam "SF Deizisau 2"]
[BlackTeam "SV Jedesheim"]

1. e4 e5 2. Nf3 Nc6 3. d4 exd4 4. Bc4 Bc5 5. c3 Nf6 6. e5 d5 7. Be2 Ne4 8. cxd4 Bb6 9. O-O O-O 10. Nc3 Be6 11. Be3 f6 12. exf6 Qxf6 13. Na4 Qd8 1/2-1/2

[Event "Oberliga Wuerttemberg Schlussrunde 2024"]
[Site "Böblingen"]
[Date "2024.04.14"]
[Round "9.34"]
[White "Guess, Cornel-Andreas"]
[Black "Jurek, Josef"]
[Result "1/2-1/2"]
[WhiteElo "1963"]
[BlackElo "2205"]
[PlyCount "86"]
[EventDate "2024.04.14"]
[EventCountry "GER"]
[WhiteTeam "SF Pfullingen"]
[BlackTeam "SG Schwäbisch Gmünd"]

1. d4 Nf6 2. c4 e6 3. Nc3 Bb4 4. a3 Bxc3+ 5. bxc3 c5 6. f3 d5 7. cxd5 Nxd5 8. dxc5 Qa5 9. e4 Ne7 10. Be3 Na6 11. Bxa6 bxa6 12. Ne2 O-O 13. O-O Rd8 14. Qb3 Bd7 15. Qb4 Qc7 16. c4 e5 17. Rfd1 Rab8 18. Qe1 Be6 19. Rxd8+ Rxd8 20. Rd1 Bxc4 21. Kf2 Nc6 22. Rxd8+ Qxd8 23. Qc3 Bb5 24. Qd2 Qxd2 25. Bxd2 Bxe2 26. Kxe2 Kf8 27. Kd3 Ke7 28. Kc4 Ke6 29. Be3 f6 30. Bf2 Kd7 31. Be3 Ne7 32. Kb4 Kc6 33. Ka5 Kb7 34. Kb4 Nc6+ 35. Kc4 Kc7 36. Kd5 Kd7 37. Kc4 Ke6 38. Bf2 h5 39. g3 g6 40. Be3 Na5+ 41. Kb4 Nc6+ 42. Kc4 Na5+ 43. Kb4 Nc6+ 1/2-1/2

[Event "Oberliga Wuerttemberg Schlussrunde 2024"]
[Site "Böblingen"]
[Date "2024.04.14"]
[Round "9.35"]
[White "Flajsman, Pavel"]
[Black "Einwiller, Bernd"]
[Result "1-0"]
[WhiteElo "2219"]
[BlackElo "2082"]
[PlyCount "57"]
[EventDate "2024.04.14"]
[EventCountry "GER"]
[WhiteTeam "SG Schwäbisch Gmünd"]
[BlackTeam "SF Pfullingen"]

1. d4 Nf6 2. Nf3 g6 3. Nbd2 Bg7 4. e4 d6 5. Bb5+ c6 6. Bd3 O-O 7. O-O Nbd7 8. a4 Qc7 9. c3 a5 10. Qc2 e5 11. dxe5 Nxe5 12. Nxe5 dxe5 13. Re1 Be6 14. Nc4 Nd7 15. b4 axb4 16. cxb4 f5 17. Bb2 Rf7 18. a5 Raf8 19. f3 f4 20. Kh1 g5 21. a6 b6 22. Be2 h5 23. Qd1 Bf6 24. Qd6 Qxd6 25. Nxd6 Rg7 26. Rec1 c5 27. Nb5 Kf7 28. a7 Rgg8 29. Nc7 1-0

[Event "Oberliga Wuerttemberg Schlussrunde 2024"]
[Site "Böblingen"]
[Date "2024.04.14"]
[Round "9.36"]
[White "Nagelsdiek, Michael"]
[Black "Bergner, Philipp"]
[Result "1/2-1/2"]
[WhiteElo "2035"]
[BlackElo "2139"]
[PlyCount "142"]
[EventDate "2024.04.14"]
[EventCountry "GER"]
[WhiteTeam "SF Pfullingen"]
[BlackTeam "SG Schwäbisch Gmünd"]

1. c4 Nf6 2. g3 c5 3. Bg2 Nc6 4. Nc3 e6 5. e3 d5 6. cxd5 Nxd5 7. Nf3 Be7 8. O-O O-O 9. a3 Nxc3 10. dxc3 e5 11. e4 Be6 12. Qc2 Qc7 13. Be3 Rfd8 14. Rfe1 Na5 15. Bf1 Rac8 16. Nd2 c4 17. f4 exf4 18. gxf4 Bc5 19. e5 Bxe3+ 20. Rxe3 Qb6 21. Rae1 Bd5 22. f5 Nc6 23. e6 fxe6 24. Nxc4 Qc5 25. b4 Qe7 26. fxe6 Qh4 27. Rh3 Qg4+ 28. Rg3 Qf4 29. Qf2 Qxf2+ 30. Kxf2 Rf8+ 31. Kg1 Ne7 32. Nd6 Rcd8 33. Nf7 Rc8 34. Re5 Rc6 35. Bh3 g6 36. Re2 Rfc8 37. Ree3 Ra6 38. Ng5 Rxa3 39. Bf1 Nf5 40. e7 Nxe3 41. Rxe3 Bc6 42. Bc4+ Kg7 43. Nf7 Ra1+ 44. Kf2 b5 45. Nd6 Rb8 46. Be2 Ra6 47. e8=Q Bxe8 48. Nxe8+ Kf7 49. Nc7 Rf6+ 50. Kg3 a6 51. Nd5 Re6 52. Rxe6 Kxe6 53. Nc7+ Kd6 54. Nxa6 Re8 55. Kf2 Rf8+ 56. Bf3 Rf4 57. Nc5 Rh4 58. Kg2 g5 59. Be2 Kc6 60. Nb3 Kb6 61. Nd4 Re4 62. Bxb5 h5 63. Be2 g4 64. h3 gxh3+ 65. Kxh3 Re3+ 66. Kh4 Rxc3 67. Kxh5 Re3 68. Bf1 Re1 69. Bg2 Rd1 70. Nc6 Rc1 71. Kg4 Rxc6 1/2-1/2

[Event "Oberliga Wuerttemberg Schlussrunde 2024"]
[Site "Böblingen"]
[Date "2024.04.14"]
[Round "9.38"]
[White "Janasik, Gerhard"]
[Black "Weiss, Andreas"]
[Result "1/2-1/2"]
[WhiteElo "1938"]
[BlackElo "2043"]
[PlyCount "125"]
[EventDate "2024.04.14"]
[EventCountry "GER"]
[WhiteTeam "SF Pfullingen"]
[BlackTeam "SG Schwäbisch Gmünd"]

1. e4 c5 2. Nf3 e6 3. g3 a6 4. Bg2 b5 5. O-O Bb7 6. d3 d6 7. Nbd2 g6 8. c3 Bg7 9. d4 Nd7 10. Re1 e5 11. a4 Ngf6 12. Bf1 Qb6 13. axb5 axb5 14. Rxa8+ Bxa8 15. d5 O-O 16. c4 b4 17. Bd3 Bb7 18. Nf1 Ra8 19. Kg2 Nf8 20. Ne3 Bc8 21. h3 Bd7 22. Kh2 Qd8 23. Ng1 Bh6 24. f3 Ra1 25. Qe2 Nh5 26. Bd2 Ra2 27. Bc1 Ng7 28. Rf1 f5 29. f4 exf4 30. gxf4 fxe4 31. Bxe4 Nf5 32. Bxf5 Bxf5 33. Nxf5 gxf5 34. Nf3 Qf6 35. Ng5 Bg7 36. Rg1 Ra7 37. Re1 h6 38. Nf3 Qf7 39. Qc2 Re7 40. Qd1 Rxe1 41. Qxe1 Bf6 42. b3 Qe7 43. Qxe7 Bxe7 44. Bb2 Kf7 45. Kg3 Ng6 46. h4 h5 47. Ng5+ Bxg5 48. fxg5 f4+ 49. Kf3 Nxh4+ 50. Kxf4 Kg6 51. Bf6 Nf5 52. Bb2 h4 53. Kg4 h3 54. Kxh3 Kxg5 55. Bc1+ Kg6 56. Bf4 Kf6 57. Kg4 Nd4 58. Bxd6 Nxb3 59. Kf4 Nd2 60. Bxc5 Nxc4 61. Bxb4 Nb6 62. Ke4 Nxd5 63. Bc3+ 1/2-1/2

[Event "Oberliga Wuerttemberg Schlussrunde 2024"]
[Site "Böblingen"]
[Date "2024.04.14"]
[Round "9.40"]
[White "Schuelke, Tilman"]
[Black "Pohl, Walter"]
[Result "0-1"]
[WhiteElo "1857"]
[BlackElo "2071"]
[PlyCount "160"]
[EventDate "2024.04.14"]
[EventCountry "GER"]
[WhiteTeam "SF Pfullingen"]
[BlackTeam "SG Schwäbisch Gmünd"]

1. d4 d5 2. c3 Nc6 3. Bf4 f6 4. e3 e5 5. Bg3 a6 6. Nf3 e4 7. Nfd2 f5 8. a3 Nf6 9. c4 Be6 10. Nc3 Bd6 11. Bxd6 Qxd6 12. cxd5 Nxd5 13. Nc4 Qd7 14. Nxd5 Qxd5 15. Nd2 b5 16. Rc1 Qd6 17. g3 O-O 18. Nb1 Na5 19. Nd2 Rac8 20. b4 Nb7 21. h4 c6 22. Nb3 Bd5 23. Nc5 Qe7 24. Nxb7 Qxb7 25. Bg2 a5 26. Qd2 axb4 27. Qxb4 Ra8 28. O-O Ra4 29. Qc5 Rfa8 30. Rc3 Qa7 31. Qd6 Rxa3 32. Rc5 Qf7 33. Kh2 Ra2 34. Kg1 b4 35. Rxd5 Qxd5 36. Qxb4 h5 37. Qe7 Ra1 38. Kh2 Qf7 39. Qc5 Qd7 40. Bh3 g6 41. Rxa1 Rxa1 42. Qe5 Kh7 43. Qf6 Rb1 44. Kg2 Rc1 45. Qe5 Rc2 46. Qf4 c5 47. dxc5 Rxc5 48. Qg5 Rc1 49. Qf6 Rc7 50. Qe5 Ra7 51. Qf4 Qd1 52. Qg5 Qf3+ 53. Kg1 Qd1+ 54. Kh2 Rf7 55. Kg2 Kg7 56. Kh2 Qf3 57. Kg1 Rf6 58. Bg2 Qg4 59. Qxg4 hxg4 60. Bf1 Rc6 61. Kg2 Kf6 62. Bb5 Rc8 63. Ba6 Rb8 64. Bc4 Rb7 65. Ba2 Ke5 66. Bc4 Kd6 67. Ba2 Kc5 68. Bg8 Rg7 69. Ba2 Kb4 70. Be6 Re7 71. Bd5 Kc3 72. Ba2 Kd2 73. Bc4 Ke1 74. Bb5 Rc7 75. Be8 Rc2 76. Bxg6 Rxf2+ 77. Kg1 Ke2 78. h5 Kf3 79. Bxf5 Rg2+ 80. Kh1 Rxg3 0-1